An introduction to vedic astrology : (Record no. 162963)

000 -LEADER
fixed length control field 00476nam a22001691a 4500
020 ## - INTERNATIONAL STANDARD BOOK NUMBER
International Standard Book Number 9788121206686
082 ## - DEWEY DECIMAL CLASSIFICATION NUMBER
Classification number 133.582 945 921
Item number HOW/I
100 ## - MAIN ENTRY--PERSONAL NAME
Personal name Howard Beckman
245 ## - TITLE STATEMENT
Title An introduction to vedic astrology :
Remainder of title spiritual science of the ancient/
Statement of responsibility, etc. by Howard Beckman.
260 ## - PUBLICATION, DISTRIBUTION, ETC.
Place of publication, distribution, etc. New Delhi:
Name of publisher, distributor, etc. Jnan,
Date of publication, distribution, etc. 1999.
300 ## - PHYSICAL DESCRIPTION
Extent 230p.
650 ## - SUBJECT ADDED ENTRY--TOPICAL TERM
Topical term or geographic name entry element Astronomy Astrology Vedas
650 ## - SUBJECT ADDED ENTRY--TOPICAL TERM
Topical term or geographic name entry element Astrology India
650 ## - SUBJECT ADDED ENTRY--TOPICAL TERM
Topical term or geographic name entry element Astrology
650 ## - SUBJECT ADDED ENTRY--TOPICAL TERM
Topical term or geographic name entry element Philosophy
942 ## - ADDED ENTRY ELEMENTS (KOHA)
Koha item type Book
Holdings
Withdrawn status Lost status Damaged status Not for loan Permanent Location Current Location Shelving location Date acquired Cost, normal purchase price Total Checkouts Full call number Barcode Date last seen Price effective from Koha item type
        RC Thiruvananthapuram RC Thiruvananthapuram   16.10.2018 345.00   133.582 945 921 HOW/I TV013275 16.10.2018 16.10.2018 Book